00274nam a2200109Ia 4500008004100000100001900041245003500060250000800095260004400103300000900147650000800156191201s2009 xx 000 0 und d aSAXENA, Sanjay 0aFirst Course in Computers 2003 aRep aN. DelhibVikas Publication Housec2009 aMISC aBBA